000 00680nam a2200253Ia 4500
003 OSt
005 20220925204840.0
006 a|||||r|||| 00| 0
007 ta
008 220923b |||||||| |||| 00| 0 eng d
020 _a9024726492
037 _cGeneral Book
040 _aRTL
_cRTL
_beng
041 _2eng
_aeng
082 _aX:533.5.N8, M2
100 _aKozma Ference
_9269131
245 0 _aEconomic integration and economic strategy
260 _aHague
_bMartinus Nijhoff
_c1982
300 _a289p
_ccm.
650 _a Free Trade
650 _aEconomics
942 _hX:533.5.N8, M2
_cGB
_2CC
999 _c550582
_d550582